| 000 | 00000nam 2200000za 4500 |
| 001 | 9.822016 |
| 003 | CaOODSP |
| 005 | 20221107143609 |
| 007 | cr ||||||||||| |
| 008 | 160804s2007 onc #o f000 0 eng d |
| 040 | |aCaOODSP|beng |
| 043 | |an-cn--- |
| 086 | 1 |aRv48-3/77-1R5-2007E-PDF |
| 110 | 2 |aCanada Revenue Agency. |
| 245 | 10|aDeferred profit sharing plans |h[electronic resource]. |
| 260 | |a[Ottawa] : |bCanada Revenue Agency, |c2007. |
| 300 | |a9 p. |
| 490 | 1 |aIncome tax information circular ; |v77-1R5 |
| 500 | |a"Date: August 17, 2007." |
| 500 | |a"This version is only available electronically." |
| 500 | |a"This circular cancels and replaces Information Circular 77-1R4, Deferred Profit Sharing Plans, dated December 30, 1992." |
| 500 | |aIssued also in French under title: Régimes de participation différée aux bénéfices. |
| 520 | 0 |aThis circular explains the provisions of the Income Tax Act (the Act) and the Canada Revenue Agency’s (CRA) administrative rules that apply when registering a deferred profit sharing plan (DPSP). Information is also included on transfers and reporting requirements for a DPSP. |
| 692 | 07|2gccst|aTaxation |
| 692 | 07|2gccst|aIncome tax |
| 692 | 07|2gccst|aTaxation regulations |
| 775 | 08|tRégimes de participation différée aux bénéfices |w(CaOODSP)9.822024 |
| 830 | #0|aIncome tax information circular ;|v77-1R5|w(CaOODSP)9.821798 |
| 856 | 40|qPDF|s192 KB|uhttps://publications.gc.ca/collections/collection_2016/arc-cra/Rv48-3-77-1R5-2007-eng.pdf |